Tradición y modernidad en una comunidad indígena del norte chico: Valle Hermoso, siglos XVII al XX.
Kaydedildi:
| Yazar: | |
|---|---|
| Diğer Yazarlar: | |
| Materyal Türü: | Kitap |
| Baskı/Yayın Bilgisi: |
Santiago, Chile:
Universidad Bolivariana,
2008.
|
| Edisyon: | 1ª edición |
| Konular: | |
| Etiketler: |
Etiketle
Etiket eklenmemiş, İlk siz ekleyin!
|
MARC
| LEADER | 00000cam a2200000 a 4500 | ||
|---|---|---|---|
| 001 | UCG1118 | ||
| 003 | CL-VaPUC | ||
| 005 | 20241021114929.0 | ||
| 008 | 241021t2008 ||||| |||| 00| 0 eng d | ||
| 999 | |c 340570 |d 340568 | ||
| 020 | |a 978-956-8024-83-3 | ||
| 040 | |c Pontificia Universidad Católica de Valparaíso | ||
| 082 | 0 | 4 | |a 983.832 GOD 2007 |2 21 |
| 100 | |a Godoy Orellana, Milton |e autor |9 597168 | ||
| 245 | 1 | 0 | |a Tradición y modernidad en una comunidad indígena del norte chico: Valle Hermoso, siglos XVII al XX. |
| 250 | |a 1ª edición | ||
| 260 | |a Santiago, Chile: |b Universidad Bolivariana, |c 2008. | ||
| 300 | |a 131 páginas. | ||
| 500 | |a c. Fondo Budge. Donación profesor Sr. Eduardo Cavieres. 05-08-2019. | ||
| 583 | |a last modification |c 20190823 10:10:26 |k Rodrigo Vera | ||
| 650 | 7 | |a Historia de Chile siglos 17-20 |2 CL-VaPUC |9 548904 | |
| 650 | 0 | |a Comunidades indígenas |2 CL-VaPUC |9 437246 | |
| 650 | 0 | |a Indígenas chilenos |9 548906 | |
| 650 | 0 | |a Desarrollo rural |2 CL-VaPUC |9 301163 | |
| 651 | 0 | |a Valle Hermoso |2 CL-VaPUC |9 548908 | |
| 651 | 0 | |a Norte Chico |2 CL-VaPUC |9 518588 | |
| 700 | |a Contreras Cruces, Hugo |e autor |9 548903 | ||
| 942 | |c BK |2 ddc | ||
| 945 | |d 20100422 00:00:00 |a rbrito | ||
| 952 | |0 0 |1 0 |4 0 |6 983_832000000000000_GOD_2007 |7 0 |8 A |9 435411 |a BIBHIS |b BIBHIS |d 2019-11-22 |i 4664221 |o 983.832 GOD 2007 |p 4664221 |r 2025-01-20 |w 2019-11-22 |y BK |k HIS | ||
| 952 | |0 0 |1 0 |4 0 |6 983_832000000000000_GOD_2007 |7 0 |8 A |9 435412 |a BIBHIS |b BIBHIS |d 2019-11-22 |i 4702786 |o 983.832 GOD 2007 |p 4702786 |r 2025-01-20 |w 2019-11-22 |y BK |k HIS | ||
| 952 | |0 0 |1 0 |4 0 |6 983_832000000000000_GOD_2007 |7 0 |8 A |9 435413 |a BIBHIS |b BIBHIS |d 2019-11-22 |i 4702794 |o 983.832 GOD 2007 |p 4702794 |r 2025-01-20 |w 2019-11-22 |y BK |k HIS | ||
| 952 | |0 0 |1 0 |3 erb |4 0 |6 983_832000000000000_GOD_2007 |7 0 |8 X |9 435414 |a FDOBUD |b FDOBUD |i 5596394 |o 983.832 GOD 2007 |p 5596394 |r 2019-11-22 |w 2019-11-22 |y BK_X |z Catalogado en:20190823 |k BUD | ||